5HLuxD.jpg

KING HENRY VIII SENIOR AND PRIMARY SCHOOL LIBRARY OPAC

Animal farm : (Record no. 142)

000 -LEADER
fixed length control field 01028cam a2200361 a 4500
001 - CONTROL NUMBER
control field 017151953
003 - CONTROL NUMBER IDENTIFIER
control field UkOxU
005 - DATE AND TIME OF LATEST TRANSACTION
control field 20190729085053.0
008 - FIXED-LENGTH DATA ELEMENTS--GENERAL INFORMATION
fixed length control field 080227r20081945enk 000 1 eng
015 ## - NATIONAL BIBLIOGRAPHY NUMBER
National bibliography number GBA853992
Source bnb
016 ## - NATIONAL BIBLIOGRAPHIC AGENCY CONTROL NUMBER
Record control number 014583565
Source Uk
020 ## - INTERNATIONAL STANDARD BOOK NUMBER
International Standard Book Number 9780141036137 (pbk.)
020 ## - INTERNATIONAL STANDARD BOOK NUMBER
International Standard Book Number 0141036133 (pbk.)
035 ## - SYSTEM CONTROL NUMBER
System control number (OCoLC)222152704
035 ## - SYSTEM CONTROL NUMBER
System control number (OCoLC)ocn222152704
035 ## - SYSTEM CONTROL NUMBER
System control number (UK-CovUW)b22446199
035 ## - SYSTEM CONTROL NUMBER
System control number (UkLCURL)15b22446199
038 ## - RECORD CONTENT LICENSOR
Record content licensor OCoLC
040 ## - CATALOGING SOURCE
Original cataloging agency UKM
Transcribing agency UKM
Modifying agency BTCTA
-- YDXCP
-- OCLCG
049 ## - LOCAL HOLDINGS (OCLC)
Local processing data o
082 04 - DEWEY DECIMAL CLASSIFICATION NUMBER
Classification number FIC ORW
Edition number 22
090 ## - LOCALLY ASSIGNED LC-TYPE CALL NUMBER (OCLC); LOCAL CALL NUMBER (RLIN)
Classification number (OCLC) (R) ; Classification number, CALL (RLIN) (NR) War
Local cutter number (OCLC) ; Book number/undivided call number, CALL (RLIN) PR 6029.R9
100 1# - MAIN ENTRY--PERSONAL NAME
Personal name Orwell, George,
Dates associated with a name 1903-1950.
Relator term author
245 10 - TITLE STATEMENT
Title Animal farm :
Remainder of title a fairy story /
Statement of responsibility, etc. George Orwell.
260 ## - PUBLICATION, DISTRIBUTION, ETC.
Place of publication, distribution, etc. London :
Name of publisher, distributor, etc. Viking,
Date of publication, distribution, etc. 2008.
300 ## - PHYSICAL DESCRIPTION
Extent viii, 94 p. ;
Dimensions 18 cm.
500 ## - GENERAL NOTE
General note First published: London: Martin Secker & Warburg, 1945.
650 #0 - SUBJECT ADDED ENTRY--TOPICAL TERM
Topical term or geographic name entry element Farms
Form subdivision Fiction.
650 #0 - SUBJECT ADDED ENTRY--TOPICAL TERM
Topical term or geographic name entry element Livestock
Form subdivision Fiction.
650 #0 - SUBJECT ADDED ENTRY--TOPICAL TERM
Topical term or geographic name entry element Political corruption
Form subdivision Fiction.
942 ## - ADDED ENTRY ELEMENTS (KOHA)
Source of classification or shelving scheme
Koha item type Books - Fiction
Holdings
Withdrawn status Lost status Source of classification or shelving scheme Damaged status Not for loan Collection code Permanent Location Current Location Shelving location Date acquired Total Checkouts Full call number Barcode Date due Date last seen Date last checked out Price effective from Koha item type
          Fiction KH8 Senior School Library KH8 Senior School Library Fiction 2019-07-29 3 FIC ORW 3KHSL000100020 2022-09-23 2022-09-08 2022-09-08 2019-07-29 Books - Fiction

Powered By KH8 IT Dept